LEADER 01624nam0 22003613i 450 001 VAN00241229 005 20250108114151.368 017 70$2N$a9783030711092 100 $a20220223d2021 |0itac50 ba 101 $aeng 102 $aCH 105 $a|||| ||||| 181 $ai$b e 182 $ab 200 1 $aˆThe ‰Geology of Iran: Tectonic, Magmatism and Metamorphism$fMansour Ghorbani 210 $aCham$cSpringer$d2021 215 $aXII, 441 p.$cill.$d24 cm 410 1$1001VAN00239450$12001 $aEarth and Environmental Sciences Library$1210 $aCham$cSpringer$d2021- 620 $aCH$dCham$3VANL001889 676 $a550$cScienze della terra e geologia - Geofisica$v22 676 $a552.5$cSedimentologia. Rocce sedimentarie$v22 676 $a551$cGeologia, idrogeologia, meteorologia$v22 676 $a551.41$cGeomorfologia$v22 700 1$aGhorbani$bMansour$3VANV197425$0853904 712 $aSpringer $3VANV108073$4650 801 $aIT$bSOL$c20250110$gRICA 856 4 $uhttps://link.springer.com/book/10.1007/978-3-030-71109-2$zE-book - Accesso al full-text attraverso riconoscimento IP di Ateneo, proxy e/o Shibboleth 899 $aBIBLIOTECA DEL DIPARTIMENTO DI SCIENZE E TECNOLOGIE AMBIENTALI BIOLOGICHE E FARMACEUTICHE$1IT-CE0101$2VAN17 912 $fN 912 $aVAN00241229 950 $aBIBLIOTECA DEL DIPARTIMENTO DI SCIENZE E TECNOLOGIE AMBIENTALI BIOLOGICHE E FARMACEUTICHE$d17CONS e-book 2224 $e17BIB2224/305 305 20220223 996 $aGeology of Iran: Tectonic, Magmatism and Metamorphism$92598169 997 $aUNICAMPANIA LEADER 01804nam0 22004213i 450 001 VAN00304252 005 20260403115256.916 010 $a978-33-19-93670-3 017 70$2N$a9783319936710 100 $a20260403d2018 |0itac50 ba 101 $aeng 102 $aCH 105 $a|||| ||||| 181 $ai$b e 182 $ab 183 $acr 200 1 $aEnvironmental Pollution of Paddy Soils$fMuhammad Zaffar Hashmi, Ajit Varma editors 210 $aCham$cSpringer$d2018 215 $aXVIII, 271 p.$cill.$d24 cm 410 1$1001VAN00282640$12001 $aSoil Biology$1210 $aCham$cSpringer$d2004-$v53 620 $aCH$dCham$3VANL001889 676 $a579.17$cEcologia microbica Ecologia, organismi caratteristici di specifici ambienti$v22 676 $a580$cBotanica$v22 676 $a579$cMicrobiologia$v22 702 1$aHashmi$bMuhammad Z.$3VANV195498 702 1$aVarma$bAjit$3VANV017462 712 $aSpringer $3VANV108073$4650 790 1$aHashmi, Muhammad Zaffar$zHashmi, Muhammad Z.$3VANV195499 790 1$aHashmi, M. Z.$zHashmi, Muhammad Z.$3VANV195500 790 1$aHashmi, M.Z.$zHashmi, Muhammad Z.$3VANV200940 801 $aIT$bSOL$c20260410$gRICA 856 4 $uhttps://doi.org/10.1007/978-3-319-93671-0$zE-book - Accesso al full-text attraverso riconoscimento IP di Ateneo, proxy e/o Shibboleth 899 $aBIBLIOTECA DEL DIPARTIMENTO DI SCIENZE E TECNOLOGIE AMBIENTALI BIOLOGICHE E FARMACEUTICHE$1IT-CE0101$2VAN17 912 $fN 912 $aVAN00304252 950 $aBIBLIOTECA DEL DIPARTIMENTO DI SCIENZE E TECNOLOGIE AMBIENTALI BIOLOGICHE E FARMACEUTICHE$d17CONS e-book 2406 $e17BIB2406/342 342 20260403 996 $aEnvironmental Pollution of Paddy Soils$92503163 997 $aUNICAMPANIA